000 00594nam a22001937a 4500
005 20251108171904.0
008 250721s2003 xx 000 0 ara d
082 1 4 _a210.7/سام
100 1 _aالساموك، سعدون محمود
245 1 0 _aأساسيات التربية الإسلامية /
264 1 _aعمان :
_bمؤسسة الوراق،
_c2003.
300 _a291 ص
650 1 7 _aالثقافة الإسلامية
650 1 7 _aالآداب الإسلامية
650 1 7 _aالإسلام
700 1 _aالشمري، هدى علي
942 _2ddc
_cBK
999 _c65225
_d65225